Catálogo
 En Linea

Cristóbal Colón : (Registro nro. 33097)

Detalles MARC
000 -CABECERA
campo de control de longitud fija 01257nam a2200241 a 4500
001 - NÚMERO DE CONTROL
campo de control 000033606
003 - IDENTIFICADOR DEL NÚMERO DE CONTROL
campo de control DO-SdBNP
005 - FECHA Y HORA DE LA ÚLTIMA TRANSACCIÓN
campo de control 20250318153106.0
008 - DATOS DE LONGITUD FIJA--INFORMACIÓN GENERAL
campo de control de longitud fija 110901s1891 sp a 000 0 spa d
040 ## - FUENTE DE LA CATALOGACIÓN
Centro catalogador/agencia de origen DO-SdBNP
Lengua de catalogación spa
Centro/agencia transcriptor BNPHU
100 1# - ENTRADA PRINCIPAL--NOMBRE DE PERSONA
Nombre de persona Asensio, José María
9 (RLIN) 59089
245 10 - MENCIÓN DE TÍTULO
Título Cristóbal Colón :
Resto del título su vida, sus viajes, sus descubrimientos /
Mención de responsabilidad, etc. por José María Asensio.
250 ## - MENCIÓN DE EDICIÓN
Mención de edición Espléndida ed.
260 ## - PUBLICACIÓN, DISTRIBUCIÓN, ETC.
Lugar de publicación, distribución, etc. Barcelona :
Nombre del editor, distribuidor, etc. Espasa y Compañía,
Fecha de publicación, distribución, etc. [1891].
300 ## - DESCRIPCIÓN FÍSICA
Extensión 2 v. :
Otras características físicas il., col. ;
Dimensiones 32 cm.
500 ## - NOTA GENERAL
Nota general A la cabeza de tít.: Edición monumental
500 ## - NOTA GENERAL
Nota general Ilustrada con magníficas oleografías, copia de famosos cuadros de artistas españoles tales como Balaca, Cano, Jover, Madrazo, Muñoz Degrain, Ortego, Puebla, Rosales, Soler enriquecida en todas sus páginas con orlas, cabeceras y viñetas alegóricas y acompañada de una primorosa carta geográfica que detalla minuciosamente los viajes y descubrimientos llevados a cabo por el Gran Almirante
600 #0 - PUNTO DE ACCESO ADICIONAL DE MATERIA--NOMBRE DE PERSONA
Nombre de persona COLÓN, CRISTOBAL,
Fechas asociadas al nombre 1436-1456
9 (RLIN) 19795
600 14 - PUNTO DE ACCESO ADICIONAL DE MATERIA--NOMBRE DE PERSONA
Nombre de persona COLÓN, CRISTÓBAL
Subdivisión general ICONOGRAFÍA
9 (RLIN) 59090
600 34 - PUNTO DE ACCESO ADICIONAL DE MATERIA--NOMBRE DE PERSONA
Nombre de persona COLÓN, FAMILIA
9 (RLIN) 59091
651 #4 - PUNTO DE ACCESO ADICIONAL DE MATERIA--NOMBRE GEOGRÁFICO
Nombre geográfico América --
Subdivisión general Descubrimiento y exploración --
-- Españoles
9 (RLIN) 544
Subdivisión de forma Ensayo, conferencias, etc.
942 ## - ELEMENTOS DE PUNTO DE ACCESO ADICIONAL (KOHA)
Fuente del sistema de clasificación o colocación Dewey Decimal Classification
Tipo de ítem Koha Libro
Existencias
Estado de retiro Estado de pérdida Restricciones de uso No para préstamo Código de colección Localización permanente Ubicación/localización actual Ubicación en estantería Fecha de adquisición Número de inventario Total de préstamos Signatura topográfica completa Código de barras Fecha visto por última vez Precio válido a partir de Tipo de ítem Koha
      Excluido de préstamo Monografías: Libros y Folletos General General Depósito 01.09.2011 LF1   33606-10 25.06.2020 25.06.2020 No se presta

Con tecnología Koha